000 01247 a2200253 4500
003 UA-OsUOA
005 20230124142247.0
008 230124b un ||||| |||| 00| 0 ukr d
020 _a9789662174045
040 _aUA-OsUOA
_bukr
_cUA-OsUOA
_dUA-OsUOA
041 _aukr
080 _a346.1(075.8)
090 _a346.1(075.8)
_bК64
100 _aКондратьєв В. О.
110 _aМіністерство освіти і науки України
245 _aГосподарське законодавство
_bнавчальний посібник для слухачів економічних спеціальностей
_cВ. О. Кондратьєв
260 _aК.
_bЛіра-К
_c2009
300 _a468 с.
650 _2UDC
_a346 Господарське право. Правові основи державного регулювання економіки
710 1 _aДонецький національний університет економіки і торгівлі імені Михайла Туган-Барановського
942 _cBK
_2udc
955 _a2
999 _c573663
_d573663